000
00292nam a22001337a 4500
008
171002b xxu||||| |||| 00| 0 eng d
020
_a
0205103782
041
_a
eng
080
_a
37
100
_a
47
101
_a
EDU
245
_a
DEVELOPING WRITING SKILLS
_c
WEST.W.W
942
_2
udc
_c
BK
999
_c
31136
_d
31136